Catálogo
 En Linea

Ciencias de la naturaleza 3 :. (Registro nro. 46491)

Detalles MARC
000 -CABECERA
campo de control de longitud fija 00276nam a2200109 a 4500
005 - FECHA Y HORA DE LA ÚLTIMA TRANSACCIÓN
campo de control 20201002053258.0
008 - DATOS DE LONGITUD FIJA--INFORMACIÓN GENERAL
campo de control de longitud fija 180411s2015 000 spa d
020 ## - NÚMERO INTERNACIONAL ESTÁNDAR DEL LIBRO
Número Internacional Estándar del Libro 9789945595067
040 ## - FUENTE DE LA CATALOGACIÓN
Centro catalogador/agencia de origen DO-SdBNP
245 #0 - MENCIÓN DE TÍTULO
Título Ciencias de la naturaleza 3 :.
260 ## - PUBLICACIÓN, DISTRIBUCIÓN, ETC.
Lugar de publicación, distribución, etc. Santo Domigo,
Fecha de publicación, distribución, etc. 2015.

No hay ítems disponibles.

Con tecnología Koha